000 00421nam a22001457a 4500
005 20240314150902.0
008 240314b ||||| |||| 00| 0 eng d
040 _cAL
041 _aeng
082 _223
_a658.15
_bFINA
245 _aFinancial Statement Analysis with Special Reference to Baliga Exports Pvt Ltd
260 _aMangalore
_bSt Aloysius College
_c1996
700 _aAHMED (Zabir)
_9154382
942 _2ddc
_cPRO
999 _c230348
_d230348